000 00570nam a2200229Ia 4500
003 OSt
005 20221005122226.0
006 a|||||r|||| 00| 0
007 ta
008 221004b |||||||| |||| 00| 0 mal d
024 _a57053
037 _cTextual
040 _aCRL
_cCRL
_bmal
041 _2mal
_amal
082 _aO32,3N15x, K1;J8
100 _aVarkey
_9594382
245 0 _aIrulum velichavum
260 _c1961
650 _aMALAYALAM FICTION
_9183428
942 _hO32,3N15x, K1;J8
_cTEXL
_2cc
999 _c1043660
_d1043660